| 000 | 00468nam a22001937a 4500 | ||
|---|---|---|---|
| 003 | LK-CoMWRAF | ||
| 005 | 20231025115122.0 | ||
| 008 | 231025b |||||||| |||| 00| 0 eng d | ||
| 020 | _a0722186339 | ||
| 040 |
_aLK-CoMWRAF _dLK-CoMWRAF _eLK-CoMWRAF |
||
| 041 | _aeng | ||
| 082 |
_a823 _bTRE |
||
| 100 | _aTresillian, Richard | ||
| 245 | _aBloodheart | ||
| 260 |
_aLondon : _bSphere, _c1986 |
||
| 300 | _a275p. ; 18cm. | ||
| 650 | _aEnglish Fiction | ||
| 942 | _cBK | ||
| 999 |
_c3996 _d3996 |
||